History of Journalism / (Record no. 7748)

MARC details
000 -LEADER
fixed length control field 00515 a2200169 4500
010 ## - LCCN (DPL NO)
LC control number ENG-88211
020 ## - INTERNATIONAL STANDARD BOOK NUMBER
International Standard Book Number 8189937014
Terms of availability 625.00
035 ## - SYSTEM CONTROL NUMBER
System control number EN-71744
037 ## - SOURCE OF ACQUISITION
Source of stock number/acquisition DBAD / PUB
082 14 - DEWEY DECIMAL CLASSIFICATION NUMBER
Classification number 070.409
100 1# - MAIN ENTRY--PERSONAL NAME
Personal name Murthy, M.S.N.
245 1# - TITLE STATEMENT
Title History of Journalism /
Statement of responsibility, etc by M.S.N. Murthy
260 ## - PUBLICATION, DISTRIBUTION, ETC. (IMPRINT)
Place of publication, distribution, etc New Delhi
Name of publisher, distributor, etc Arise Publishers & Distributors
Date of publication, distribution, etc 2008
270 ## - ADDRESS
Address 4648/1, 21, Ansari Road, Darya Ganj
City New Delhi
Postal code 110 002
300 ## - PHYSICAL DESCRIPTION
Extent 240p.
Dimensions 21 cm (Hb)
942 ## - ADDED ENTRY ELEMENTS (KOHA)
Institution code [OBSOLETE] dpl
Item type English Books
Source of classification or shelving scheme Dewey Decimal Classification
Classification part 070.409
Call number suffix MUR
Holdings
Withdrawn status Lost status Not for loan Collection code Home library Current library Source of acquisition Cost, normal purchase price Full call number Barcode Copy number Cost, replacement price Koha item type
    Not For Loan Non-fiction D.B.Act.Division D.B.Act.Division DBAD/PUB 625.00 070.409 MUR EN-71744 1 625.00 English Books

© Delhi Public Library
Hit Counter
free hit counter